00541nam a2200157Ia 4500008004100000020001800041041000800059082001900067100002800086245005800114250000600172260004100178300001200219999001900231952013300250210716s2012 xx 000 0 und d a9788126537730 aeng a574.87322 MARA aMarangoni, Alejandro G. aEnzyme kinetics: a modern approach.bModern approach. a1 aNew DelhibWiley India Pvt Ltdc2012 axiv,229 c196133d196133 001040708MCAaAIMITbAIMITeKnowledge Worldg995.00l0o574.87322 MARApMCA15647r2025-07-21 00:00:00v776.10w2021-07-16yBK